000 00339nam a2200145Ia 4500
008 230312s9999||||xx |||||||||||||| ||und||
020 _a1-56053-062-6
082 _a610.7302
_bKEN-B
100 _aKenefick;Colleen
245 0 _aBest of Nursing Humor
260 _bHanly
_aCanada
_c1993
300 _a163
650 _aPharmacy
942 _cBK
999 _c4713
_d4713